A green tree bears expensive fruit (Record no. 72439)

MARC details
000 -LEADER
fixed length control field 01575cam a2200265 4500
001 - CONTROL NUMBER
control field ABS66556
008 - FIXED-LENGTH DATA ELEMENTS--GENERAL INFORMATION
fixed length control field 030403n2003 000 0 eng u
035 ## - SYSTEM CONTROL NUMBER
System control number (Sirsi) u121887
100 ## - MAIN ENTRY--PERSONAL NAME
Personal name Norwood, G.
245 #2 - TITLE STATEMENT
Title A green tree bears expensive fruit
260 ## - PUBLICATION, DISTRIBUTION, ETC.
Date of publication, distribution, etc. 2003
490 ## - SERIES STATEMENT
Series statement Estates Gazette
Volume/sequential designation (0313) 29 March 2003, 104-106(3)
520 ## - SUMMARY, ETC.
Summary, etc. Reports on the row between the Environment Agency (EA) and private environmental search firms Sitescope/Homecheck and Landmark over EA's proposed price rise for environmental data. The private firms argue that this will increase prices for homebuyers and affect the quality of proposed sellers' packs. EA's rivals are also concerned about a new EA product aimed at residential homebuyers that claims to provide a full range of environmental information. Homecheck and Landmark claim it will not be as comprehensive as their reports, yet EA branding may help it become the preferred report in a seller's pack. The Office of Fair Trading is currently looking into the EA prices following a complaint from Sitescope. Includes environmental search websites and elements missing in the new EA report (according to Homecheck).
590 ## - LOCAL NOTE (RLIN)
Local note ABS
650 ## - SUBJECT ADDED ENTRY--TOPICAL TERM
Topical term or geographic name entry element ENVIRONMENT AGENCY
650 ## - SUBJECT ADDED ENTRY--TOPICAL TERM
Topical term or geographic name entry element HOMECHECK
650 ## - SUBJECT ADDED ENTRY--TOPICAL TERM
Topical term or geographic name entry element LANDMARK
650 ## - SUBJECT ADDED ENTRY--TOPICAL TERM
Topical term or geographic name entry element ENVIRONMENTAL DATA
650 ## - SUBJECT ADDED ENTRY--TOPICAL TERM
Topical term or geographic name entry element ENVIRONMENTAL SEARCHES
650 ## - SUBJECT ADDED ENTRY--TOPICAL TERM
Topical term or geographic name entry element HOME INFORMATION PACKS
650 ## - SUBJECT ADDED ENTRY--TOPICAL TERM
Topical term or geographic name entry element HOMEBUYERS
650 ## - SUBJECT ADDED ENTRY--TOPICAL TERM
Topical term or geographic name entry element PROPERTY-RESIDENTIAL PROPERTY-ACQUISITION AND DISPOSAL OF RESIDENTIAL PROPERTY
690 ## - LOCAL SUBJECT ADDED ENTRY--TOPICAL TERM (OCLC, RLIN)
Topical term or geographic name as entry element PROPERTY AND LAND LAW-CONVEYANCING
942 ## - ADDED ENTRY ELEMENTS (KOHA)
Suppress in OPAC 0
Holdings
Withdrawn status Lost status Source of classification or shelving scheme Damaged status Not for loan Home library Current library Shelving location Date acquired Total Checkouts Full call number Barcode Date last seen Copy number Price effective from Koha item type
    Dewey Decimal Classification     London London Journal article 03/04/2003   ABS66556 121887-1001 06/08/2019 1 06/08/2019 Journal article